| 000 | 02317nam a2200565 c 4500 | ||
|---|---|---|---|
| 999 |
_c51343 _d51343 |
||
| 001 | 51343 | ||
| 003 | ES-MaCES | ||
| 005 | 20251115040004.0 | ||
| 008 | 191014s2018 sp o000 | spa d | ||
| 017 |
_aM 13183-2019 _bDL |
||
| 020 | _a9788484175360 | ||
| 020 | _a9788484175377 (pdf) | ||
| 020 | _a9788484175384 (Epub) | ||
| 024 | 7 |
_a854-19-055-6 _2nipo |
|
| 024 | 7 |
_a854-19-057-7 _2nipo |
|
| 024 | 7 | _a854-19-056-1 | |
| 040 |
_aES-MaCES _bspa _cES-MaCES |
||
| 041 | 1 |
_aspa _heng |
|
| 100 | 1 |
_918364 _aMella Méndez, Lourdes |
|
| 245 | 1 | 0 |
_aPlataformas digitales y mercado de trabajo _cMaría Luz Rodríguez Fernández (dir.) ; [autores], Lourdes Mella Méndez, José Moisés Martín Carretero, Anabel Suso Araico |
| 260 |
_aMadrid _bMinisterio de Trabajo, Migraciones y Seguridad Social, Subdirección General de Información Administrativa y Publicaciones _c[2019] |
||
| 300 |
_a136 p. _c22 cm |
||
| 490 | 1 |
_aColección Informes y estudios. Serie Empleo _v56 |
|
| 500 | _aAnteriormente v.a.: Ministerio de Empleo y Seguridad Social | ||
| 500 | _aColección Informes y estudios (España. Ministerio de Empleo y Seguridad Social). Serie Empleo | ||
| 504 | _aBibliografía | ||
| 541 | _cGratuito | ||
| 650 | 4 |
_aeconomía colaborativa _937923 |
|
| 650 | 4 |
_anuevas tecnologías _930788 |
|
| 650 | 4 |
_aevaluación del impacto _930732 |
|
| 650 | 4 |
_amercado de trabajo _928292 |
|
| 650 | 4 |
_aempleo _928299 |
|
| 650 | 4 |
_atrabajo a cuenta propia _930170 |
|
| 650 | 4 |
_atrabajador independiente _928412 |
|
| 650 | 4 |
_acondiciones de trabajo _928327 |
|
| 650 | 4 |
_arelaciones laborales _928369 |
|
| 650 | 4 |
_aderechos de los trabajadores _929924 |
|
| 650 | 4 |
_aprotección social _929076 |
|
| 650 | 4 |
_anorma internacional del trabajo _930609 |
|
| 650 | 4 |
_aEspaña _926964 |
|
| 650 | 4 |
_arégimen jurídico _929894 |
|
| 653 | 1 | 0 | _aRelaciones laborales-Empleo |
| 700 | 1 |
_aMartín Carretero, José Moisés _939638 |
|
| 700 | 1 |
_aSuso Araico, Anabel _924593 |
|
| 700 | 1 |
_aRodríguez Fernández, María Luz _edir. _922337 |
|
| 710 | 2 |
_aEspaña _bMinisterio de Trabajo, Migraciones y Seguridad Social _eed. _939671 |
|
| 830 | 0 |
_aColección Informes y estudios (España. Ministerio de Trabajo, Migraciones y Seguridad Social) _pSerie Empleo _v56 _939639 |
|
| 902 | _aLIB Libro | ||
| 942 |
_2CES _cBK _h2.0. |
||